| 000 | 00667cam a22002413a 4500 | ||
|---|---|---|---|
| 001 | 781 | ||
| 003 | PGUSA | ||
| 005 | 20140828082952.0 | ||
| 008 | 970101s1997||||xxu|||||s|||||000 | eng d | ||
| 040 |
_aPGUSA _beng |
||
| 042 | _adc | ||
| 050 | 4 | _aG | |
| 245 | 1 | 0 |
_aSinking of the Titanic and Great Sea Disasters _h[electronic resource] |
| 260 |
_bProject Gutenberg, _c1997 |
||
| 506 | _aPublic domain in the USA. | ||
| 516 | _aElectronic text | ||
| 653 | _aTitanic (Steamship) | ||
| 653 | _aShipwrecks -- North Atlantic Ocean | ||
| 700 | 1 | _aMarshall, Logan | |
| 830 | 0 |
_aProject Gutenberg _v781 |
|
| 856 | 4 | 0 | _uhttp://www.gutenberg.org/ebooks/781 |
| 942 | _cEB | ||
| 999 |
_c230132 _d230132 |
||